000 00360nam a2200145Ia 4500
008 150201s2007 xx 000 0 und d
082 _a617.5
_bS2007B
100 _aBHATTACHARJEE,S.K.
245 _aSHORTCASES IN SURGERY
250 _a5TH
260 _bC.B.S PUBLISHERS & DISTRIBUTERS
_aDELHI
_c2007
300 _a1-285
650 _aSURGERY
942 _2ddc
_cBK
999 _c3689
_d3689